| 000 | 01150cam a2200265u 4500 | ||
|---|---|---|---|
| 001 | timidghost00bren | ||
| 003 | CaSfIA | ||
| 005 | 20210119103052.0 | ||
| 007 | cr|||| | ||
| 008 | 830517s1966 nyua j 000 0 eng | ||
| 856 | 4 | 1 |
_uhttp://www.archive.org/details/timidghost00bren _zFree eBook from the Internet Archive |
| 856 | 4 | 2 |
_uhttp://www.openlibrary.org/books/OL24222033M _zAdditional information and access via Open Library |
| 035 | _9(DLC) 66011406 | ||
| 010 | _a 66011406 | ||
| 040 |
_aDLC _cCarP _dDLC _dCaSfIA |
||
| 050 | 0 | 0 |
_aPZ7.B7517 _bTi |
| 100 | 1 |
_aBrenner, Anita, _d1905-1974. |
|
| 245 | 1 | 4 |
_aThe timid ghost; _h[electronic resource] |
| 260 |
_aNew York, _bW. R. Scott _c[1966] |
||
| 300 |
_a1 v. (unpaged) _bcol. illus. _c29 cm. |
||
| 700 | 1 |
_aCharlot, Jean, _d1898-1979, _eillus. |
|
| 942 | _cEB | ||
| 506 | _fНеобхідна авторизація на https://archive.org/ (створення облікового запису безкоштовно) | ||
| 506 | _fНеобхідна авторизація на https://openlibrary.org/ (створення облікового запису безкоштовно) | ||
| 999 |
_c557875 _d557875 |
||